Journal of marketing <A> Quarterly Publication of the American Marketing Association

Gespeichert in:
Bibliographische Detailangaben
Format: Schriftenreihe
Sprache:Englisch
Veröffentlicht: Chicago American Marketing Association 1993
Schlagworte:
Tags: Tag hinzufügen
Keine Tags, Fügen Sie das erste Tag hinzu!

MARC

LEADER 00000nas2a2200000 4500
001 s013793
005 20240109100259.3
022 |a 0022-2429 
041 0 |a eng 
044 |a US 
245 1 0 |a Journal of marketing  |b <A> Quarterly Publication of the American Marketing Association 
264 1 |a Chicago  |b American Marketing Association  |c 1993 
300 |a 1 zv. 
773 0 |w eu_un_cat*s120137 
610 2 0 |a marketing